Music Quiz

Random Music or Artist Quiz

Female Pop Artists by First 3 Letters Quiz Stats

 Plays Quiz not verified by Sporcle

Support Sporcle.
Go Orange.
Score 0/15 Timer 03:00
0 Plays Today
% Correct
Beyoncé
94.9%
Taylor Swift
94.7%
Rihanna
93.1%
Adele
91.7%
Ariana Grande
91.4%
Celine Dion
90.3%
Mariah Carey
89.9%
Lady Gaga
88.2%
% Correct
Christina Aguilera
87.8%
Kelly Clarkson
87.6%
Selena Gomez
85.7%
Katy Perry
84.7%
Miley Cyrus
84.5%
Jennifer Lopez
81.3%
Kylie Minogue
80.5%

You're not logged in!

Compare scores with friends on all Sporcle quizzes.
OR
Log In

From the Vault

Countries of the World

by Matt

No matter how many times you guess it, Narnia is not a real country. You have to let it go.
Remove Ads.
Support Sporcle.
Get the best of Sporcle when you Go Orange. This ad-free experience offers more features, more stats, and more fun while also helping to support Sporcle. Thank you for becoming a member.

Show Comments

Extras

Top Quizzes Today


Score Distribution

Your Account Isn't Verified!

In order to create a playlist on Sporcle, you need to verify the email address you used during registration. Go to your Sporcle Settings to finish the process.

Report this User

Report this user for behavior that violates our Community Guidelines.

Details: